[Event "Barcelona Sant Marti op 04th"]
[Site "Barcelona"]
[Date "2002.04.20"]
[Round "3.30"]
[White "Martin Sanchez, Antoni"]
[Black "Salinas Yague, Eduard"]
[Result "1-0"]
[WhiteElo "1880"]
[BlackElo "1780"]
[PlyCount "115"]
[EventDate "2002.04.06"]
[EventType "swiss"]
[EventRounds "9"]
[EventCountry "ESP"]
[SourceTitle "EXT 2003"]
[Source "ChessBase"]
[SourceDate "2002.11.25"]
[SourceVersion "1"]
[SourceVersionDate "2002.11.25"]
[SourceQuality "1"]

1. d4 d5 2. c4 e6 3. Nc3 c5 4. Nf3 Nf6 5. Bg5 Be7 6. e3 0-0 7. Be2 Nc6 8. dxc5 Bxc5 9. 0-0 Be7 10. Rc1 Ne4 11. Bxe7 Qxe7 12. cxd5 Nxc3 13. Rxc3 exd5 14. Qxd5 Be6 15. Qe4 f5 16. Qa4 Rfc8 17. a3 Bf7 18. Rfc1 Be8 19. Qf4 Bd7 20. Ng5 h6 21. Nf3 Re8 22. Bf1 Rad8 23. b4 Qf6 24. b5 Na5 25. a4 Re4 26. Qc7 Qb6 27. Qxb6 axb6 28. Nd4 f4 29. Bd3 Re7 30. exf4 Rf7 31. g3 Bh3 32. Nf3 Rfd7 33. Ne5 Rd4 34. f3 Be6 35. Kf2 Nb3 36. Rb1 Nc5 37. Bc4 Bxc4 38. Rxc4 Rxc4 39. Nxc4 Nxa4 40. Rb4 Nc5 41. Ke2 Re8+ 42. Ne5 Kf8 43. Rd4 Re6 44. Kf2 Ke7 45. Nd3 Kf6 46. g4 Nxd3+ 47. Rxd3 Ke7 48. h4 Ke8 49. Rd5 Ke7 50. h5 Ke8 51. Re5 Ke7 52. Ke3 Kd6 53. Rxe6+ Kxe6 54. Kd4 Kd6 55. f5 Ke7 56. Ke5 Kf7 57. Kd6 Kf6 58. f4 1-0